MDQL
is popping MORE tags! Check the
thread
!
Quizzes
Events
Quiz Creation
Community
Videos
Private Events
Remove Ads
Sign In
Join for FREE
Feedback
Dark Mode
Quiz Categories
Sports
Geography
Music
Movies
Television
Just For Fun
Miscellaneous
History
Literature
Language
Science
Gaming
Entertainment
Religion
Holiday
For Kids
Quiz Lab
Recent
Popular Today
Quiz Kudos Today
Editor Picks
Curator Picks
Quizzes by...
Day
Popularity
Type
Ratings
Length
Year
Community
Subscriptions
Recent Discussions
Orange Saloon
Badges
Playlists
Quests
Create
Leaderboards
Showdown
Live 5
Trivia Bingo
Activity
Puzzle Library
Sporcle Events
Private Events
Virtual Trivia
Globe League
Become a Host
Pub Owners
SporcleCon
Opinionation
Our Games
Videos
Blog
Mobile Apps
Partnerships
Remove Ads and Go Orange
Feedback
Gaming
Video Games
Board Games
Card Games
Pokémon
Mario
Nintendo
Minecraft
Console
Toys
Legend of Zelda
Gaming
Video Games
Board Games
Card Games
Pokémon
Mario
Nintendo
Minecraft
Console
Toys
Legend of Zelda
Random Quiz
Search Sporcle
×
Quiz Lab
Quiz Lab
Gaming
Hunter
Type in answers that appear in a list
Type in answers that appear in a list
Classic
Best Score? Go Orange.
Monsters in Monster Hunter Portable 3rd Stats
Can you name the Boss Monsters of Monster Hunter Portable 3rd?
By
LordoftheStorm
6m
40 Questions
136 Plays
136 Plays
136 Plays
Comments
Comments
Give Quiz Kudos
Give Quiz Kudos
-
- Ratings
hide this ad
More Info
Replay
Link that replays current quiz
Next Quiz
Link to next quiz in quiz playlist
You Got
0%
They Got
Avg Score
68%
Avg Friend Score
Upgrade to see
Score Distribution
Jump to the score distribution portion of the page
Score
0/40
Timer
06:00
0
Plays Today
Hint
Monster
% Correct
Female Fire Wyvern
Rathian
96.3%
Male Fire Wyvern
Rathalos
95.6%
Jaggi Leader
Great Jaggi
93.4%
Baggi Leader
Great Baggi
93.4%
Two-
Horned Devil
Diablos
90.4%
Dark Two-
Horned Devil
Black Diablos
86.8%
Rare Male Fire Wyvern
Silver Rathalos
86%
Rare Female Fire Wyvern
Gold Rathian
85.3%
Muddy Tyrant
Barroth
83.8%
Shadow Wyvern
Nargacuga
81.6%
Green Shadow
Green Nargacuga
79.4%
Absolute Power
Tigrex
79.4%
Thunder Wolf
Jinouga
77.2%
Haunting Poison
Gigginox
76.5%
Bird Mimic
Qurupeco
75%
White Wind
Barioth
69.9%
Rampaging Power
Black Tigrex
69.1%
Hammer Chin
Uragaan
69.1%
Icy Tyrant
Ice Barroth
68.4%
Maned Leviathan
Royal Ludroth
67.6%
Hint
Monster
% Correct
Fire Pike Wyvern
Agnaktor
67.6%
Ever-
Hungry
Deviljho
67.6%
Crimson Mimic
Red Qurupeco
66.9%
Poison Leader
Great Froggi
66.2%
Brilliant Darkness
Alatreon
65.4%
Tusked Bull
Bulldrome
63.2%
Dusty Wind
Sand Barioth
62.5%
Ice Pike Wyvern
Ice Agnaktor
60.3%
The Black God
Akantor
59.6%
Poison Mane
Purple Royal Ludroth
58.8%
Dark Hammer
Uragaan Sub
58.8%
The White God
Ukanlos
58.8%
Haunting Thunder
Thunder Gigginox
58.1%
Heaven's Catastrophe
Amatsumagatsuchi
57.4%
Lumbering Bear
Aoashira
54.4%
Sand Giant
Jhen Mohran
52.2%
Gaping Maw
Hapurubokka
44.1%
Snow Rabbit
Urukususu
41.2%
Volcanic Armadillo
Rangurotora
40.4%
Crushing Tail
Doboruberuku
28.7%
Quiz Playlist
Details
Report
Send in Message
Add To Playlist
More Info:
Just the bosses, no minions. If the game comes out in English, I will change the Japanese names to English.
Classic:
Type in answers that appear in a list
Last Updated: Feb 16, 2017
Quiz Scoreboard
CHALLENGE
Sign Up to Join the Scoreboard
Show All
Scores
Hide
Comments
May contain spoilers
Recently Published
Two Season TV Shows II
by 123Four
Television
10m
Image Sorting: Flags VI
by Barbecue
Geography
2m
Find the 'City' Movie
by crazypaving
Movies
60s
More to Explore
Quiz From the Vault
Featured Blog Post
14 Easter Pick-up Lines to Find Eggs With
hide this ad
You Might Also Like...
Tags
3rd
Hunter
Monster
Today's Top Quizzes in Gaming
Browse Gaming
hide this ad
Top Contributed Quizzes in Gaming
1
League of Legends Pro Players by Career/Team History
2
Destiny 2 exotic weapons by perk icons
3
Genshin Impact Logic Puzzle
4
Genshin murder mystery
5
Dead By Daylight Logic Puzzle
6
4x4 Decades: Video Games
7
Ultimate Genshin Impact Logic Puzzle (up to 4.3)
8
Genshin Impact Logic Puzzle Quiz
9
Overwatch Logic Puzzle
10
Who's on the WWE 2K24 Cover?
Explore More
Trending Topics
Marvel
Kpop
Crossword
Anime
NBA
Disney
Harry Potter
Soccer
NFL
WWE
Country
Pokémon
The Office
Puzzle
Song
hide this ad
More By:
LordoftheStorm
Quiz
Plays
Rating
Category
Featured
Created
Monster Hunter Flagship Monsters
555
2.33
Gaming
Dec 13, 2010
Bosses of Monster Hunter Tri by Title
344
3.00
Gaming
Dec 13, 2010
Monsters in Monster Hunter Portable 3rd
136
Gaming
Jan 14, 2011
MHP3 New Subspecies
59
Gaming
Dec 13, 2010
Monsters by Habitat
46
2.33
Gaming
Dec 14, 2010
Go to Creator's Profile
Score Distribution
Quiz Creator Spotlight
LordoftheStorm
Follow
Send a Message
Quizzes Created
-
Created Quiz Play Count
-
More By This Creator
Popular Quizzes Today
1
Find the US States - No Outlines Minefield
2
Colored Red Africa Blitz
3
Find the 'City' Movie
4
5x2 Blitz: Bands
5
The Countries of the World
6
Find the Countries of Europe - No Outlines Minefield
7
Find the US States
8
US States
More Gaming Quizzes
Crash Bandicoot N. Sane Trilogy Levels
Quiz Lab
Trending Quizzes
Colored Red Europe Blitz I
Colored Red Africa Blitz II
Colored Red Europe Blitz II
Colored Red Africa Blitz III
Colored Red Europe Blitz III
Recently Updated
How Do You Spell That?
pecheneg
Godzilla Movies
pecheneg
Grab Bag: 4-10 Letters
pecheneg
2024 March Madness Bracket
pecheneg
Famous TV Couples
Peacemaker
Champions League XIs: Real Madrid
pecheneg
Largest US Cities 1790-2010
pecheneg
Rides in Walt Disney World
pecheneg
Most Oscar Losses (Acting)
pecheneg
Beyoncé Albums
pecheneg
Trending Topics
Marvel
Crossword
Anime
NBA
Harry Potter
Kpop
Disney
Pokémon
Soccer
The Office
Puzzle
NFL
Country
Song
WWE
Your Account Isn't Verified!
In order to create a playlist on Sporcle, you need to verify the email address you used during registration. Go to your
Sporcle Settings
to finish the process.
Report this User
Report this user for behavior that violates our
Community Guidelines
.
Details:
Send Report
Go to the Sporcle.com Mobile Site →
Comments